Представление документа в формате RUSMARC

ПолеНазваниеЗначение
  Тип записи a
  Библиографический уровень m
001 Контрольный номер 09a5406a69054247a3b7fbb8256c879f
005 Дата корректировки 20260316124529.5
010 Индекс ISBN __
a ISBN 978-5-04-203969-0
b Уточнения в пер.
9 Тираж 2000 экз.
d Цена 991-06
100 Данные общей обработки __
a Данные общей обработки 20260225d2025 de y0rusy028902 ca
101 Язык документа 0_
a Язык текста rus
102 Страна публикации __
a Страна публикации RU
105 Кодированные данные (монография) __
a Кодированные данные (монография) a z 000zy
181 Поле кодированных данных: вид содержания _0
a Код вида содержания (ISBD) i
182 Поле кодированных данных: тип средства _0
a Код типа средства (ISBD) n
200 Заглавие и сведения об ответственности 1_
a Заглавие Все самое невероятное на Земле
e Сведения, относящиеся к заглавию книга рекордов нашей планеты : [для среднего и старшего школьного возраста]
f Первые сведения об ответственности Милана Гамзатова
g Последующие сведения об ответственности [иллюстрации А. А. Коротковой]
203 Вид содержания и тип средства __
a Вид содержания Текст
c Тип средства непосредственный
210 Выходные данные 1_
a Место издания Москва
c Издательство Эксмо
c Издательство Бомбора
d Дата издания 2025
215 Физическое описание __
a Объем 156, [3] с.
c Иллюстрации/тип воспроизводства цв. ил.
d Формат 27 см
225 Серия 2_
a Серия Богатства мира и России
i Наименование части Книги-открытия для детей 8-10 лет
330 Аннотация __
a Аннотация Вы готовы к захватывающему путешествию по удивительным местам Земли? В этой книге вы найдете самые невероятные мировые рекорды, которые поразят ваше воображение и расширят горизонты знаний! Присоединяйтесь к нашим героям в их захватывающем приключении. Вместе с Никиткой и Борзиком вы узнаете: где находятся самая длинная река и самое глубокое озеро, какая гора выше всех и какой водопад падает с головокружительной высоты, какое здание достает до облаков, а мост простирается на сотни километров и многое другое. Уникальные факты, увлекательные истории и интерактивные задания, а также яркие иллюстрации, помогут вам не только погрузится с головой в чтение, но и закрепить полученные знания. Не упустите шанс стать частью этой невероятной истории!
333 Примечание о целевом назначении __
a Примечание о целевом назначении 12+. Для детей старше 12 лет
517 Другие варианты заглавия 1_
a Другие варианты заглавия Всё самое невероятное на Земле
540 Дополнительное заглавие, сделанное каталогизатором 10
a Дополнительное заглавие, сделанное каталогизатором Книга рекордов нашей планеты
606 Тематические рубрики __
2 Код системы nlr_sh
a Основная рубрика География
606 Тематические рубрики __
2 Код системы nlr_sh
a Основная рубрика Страноведение
610 Ключевые слова 0_
a Ключевые слова детская литература
610 Ключевые слова 0_
a Ключевые слова познавательная литература
610 Ключевые слова 0_
a Ключевые слова география для детей
610 Ключевые слова 0_
a Ключевые слова природа
610 Ключевые слова 0_
a Ключевые слова чудеса природы
610 Ключевые слова 0_
a Ключевые слова моря
610 Ключевые слова 0_
a Ключевые слова озера
610 Ключевые слова 0_
a Ключевые слова реки
610 Ключевые слова 0_
a Ключевые слова горы
610 Ключевые слова 0_
a Ключевые слова страны мира
610 Ключевые слова 0_
a Ключевые слова леса
686 Индексы других классификаций __
2 Код системы rubbks
a Классификационный индекс ст26.89(0)
700 Автор _1
a Фамилия Гамзатова
b Имя М. М.
g Полное личное имя Милана Махмудовна
4 Код отношения 070
702 Вторичная интеллектуальная ответственность _1
a Фамилия Короткова
b Имя А. А.
4 Код отношения 440
801 Источник записи _0
a Страна RU
b Организация Муниципальное бюджетное учреждение культуры "Централизованная библиотечная система" г. Сургут (Центральная городская библиотека им. А. С. Пушкина)
g Правила каталогизации PSBO
c Дата составления 20260225
801 Источник записи _1
a Страна RU
b Организация Муниципальное бюджетное учреждение культуры "Централизованная библиотечная система" г. Сургут (Центральная городская библиотека им. А. С. Пушкина)
g Правила каталогизации PSBO
c Дата составления 20260225
852 Данные о местонахождении __
i Авторский знак Г 18
j Шифр хранения ст26.89(0)
900 Макрообъекты __
a Макрообъекты Все самое невероятное на Земле. Гамзатова, М., 2025
901 Тип документа __
t Тип документа m
a Ответственный КиК/Обаева
901 Тип документа __
a Ответственный 3 партия
903 Характеристики (МАРС) __
c Наименование библиотеки (МАРС) Муниципальное бюджетное учреждение культуры "Централизованная библиотечная система" г. Сургут (Центральная городская библиотека им. А. С. Пушкина)
a Дата передачи 20260225
969 Тип издания __
a Тип издания издание для детей
990 Данные о заказе (DOS) __
j Количество экземпляров (DOS) 5
t N записи в КСУ для И/У (DOS) 202603